| 000 | 00564nam a2200145 i 4500 | ||
|---|---|---|---|
| 001 | 43988 | ||
| 003 | ES-MaACL | ||
| 005 | 20230906160925.0 | ||
| 007 | t| | ||
| 008 | 200727s1877 sp ||||1| spa d | ||
| 245 | 0 | 0 |
_aAbanderamiento de las embarcaciones extrangeras (sic) _b: los armadores y la hacienda, arqueos de la marina, aforos de la aduana, decretos del gobierno, la legalidad y la justicia / _cpor E. P. |
| 260 |
_aCádiz : _b[s.n.], _c1877 ( _fImp. de la Revista Médica, de D. Federico Joly) |
||
| 300 |
_a99 p. ; _c22 cm. |
||
| 852 |
_aES-MaACL _jT-270-F-2 |
||
| 999 |
_c43988 _d43988 |
||